LIBRARY & INFORMATION CENTRE, KCAET, TAVANUR

ONLINE PUBLIC ACCESS CATALOGUE (OPAC)

Normal view MARC view
  • Khanna,O.P

Entry Personal Name

Number of records used in: 3

001 - CONTROL NUMBER

  • control field: 457

003 - CONTROL NUMBER IDENTIFIER

  • control field: OSt

005 - DATE AND TIME OF LATEST TRANSACTION

  • control field: 20160616122120.0

008 - FIXED-LENGTH DATA ELEMENTS

  • fixed length control field: 160616|| aca||aabn | a|a d

040 ## - CATALOGING SOURCE

  • Original cataloging agency: OSt
  • Transcribing agency: OSt

100 ## - HEADING--PERSONAL NAME

  • Personal name: Khanna,O.P

670 ## - SOURCE DATA FOUND

  • Source citation: Work cat.: (OSt): Khanna,O.P, Production Technology Manufacturing Processes- Volume-II, 2014
free website counter